000 00620nam a2200193Ia 4500
003 IN-BaIIA
008 211028s9999 xx 000 0 eng d
020 _a978-0-387-73629-7
040 _cIIA Library
080 _a524.834
_bCHO
100 _aChow, Tai L.
_924263
245 0 _aGravity, black holes and the very early universe
_ban introduction to general relativity and cosmology
_cTai L. Chow
260 _aNew York
_bSpringer
_c2008
300 _axv, 280p.
650 _aCosmology
650 _aGeneral relativity
_93824
650 _aUniverse
_91987
942 _cBK
999 _c17011
_d17011